• 首页
  • 本馆介绍
  • 公告通知
  • 最新文献
  • 馆藏检索
  • 电子资源
  • 读者导购
  • 参考咨询
  • 我的图书馆
  • 登录
  • 详细信息显示
  • 放入我的书架
  • 预约/预借图书
  • 作者相关作品
  • 分类相关作品
  • 丛书相关作品
  • 出版社相关作品

书目信息

  • 表格格式
  • 工作单格式
  • 卡片格式
题名:
怀素草书——临习技法精解
    
 
作者: 周世闻 , 杨军刚 编著
分册:  
出版信息: 郑州   中州古籍出版社  2020.6
页数: 98页
开本: 34cm
丛书名: 历代名家碑帖临习技法精解
单 册:
中图分类: J292.112.4
科图分类:
主题词: 草书--书法--中国--唐代
电子资源:
ISBN: 978-7-5348-5906-9
000 00922nam2 2200265 45
001 012001001056
005 20130910133835.0
010    @a978-7-5348-5906-9@dCNY32.00
100    @a20160726d2016 em y0chiy0110 ea
101 0  @achi
102    @aCN@b410000
105    @ay z 000yy
106    @ar
200 1  @a怀素草书——临习技法精解@Ahuai su cao shu——lin xi ji fa jing jie@f周世闻, 杨军刚编著
210    @a郑州@c中州古籍出版社@d2020.6
215    @a98页@d34cm
225 2  @a历代名家碑帖临习技法精解
330    @a本书以怀素的《自叙帖》和《小草千字文》为范本,给初学者以技法指导,重点在于对所选的每个字的用笔、结构、用墨等方面的技法进行分析。
461  0 @12001 @a历代名家碑帖临习技法精解
606 0  @a草书@x书法@y中国@z唐代
690    @aJ292.112.4@v5
701  0 @a周世闻@Azhou shi wen@4编著
701  0 @a杨军刚@Ayang jun gang@4编著
801    @aCN@b江苏凤凰@c20211018
905    @b1342032-5@dJ292.112.4@e699@f4
    
    怀素草书——临习技法精解/周世闻, 杨军刚编著.-郑州:中州古籍出版社,2020.6
    98页;34cm.-(历代名家碑帖临习技法精解)
    
    
    ISBN 978-7-5348-5906-9:CNY32.00
    本书以怀素的《自叙帖》和《小草千字文》为范本,给初学者以技法指导,重点在于对所选的每个字的用笔、结构、用墨等方面的技法进行分析。
●
相关链接 在E读中查询图书 在五车中查询图书 在当当中查询图书 在豆瓣中查询图书


正题名:怀素草书——临习技法精解     索取号:J292.112.4/699         预约/预借

序号 登录号 条形码 馆藏地/架位号 状态 备注
1 1342032   213420323   第一样本阅览室/ [索取号:J292.112.4/699] 在馆    
2 1342033   213420332   第一借阅区/ [索取号:J292.112.4/699] 在馆    
3 1342034   213420341   第一借阅区/ [索取号:J292.112.4/699] 在馆    
4 1342035   213420350   第一借阅区/ [索取号:J292.112.4/699] 在馆    
唐山师范学院图书馆 欢迎您!
大连网信软件有限公司© 版权所有